Violent crimes in city environmental determinants

Gespeichert in:  
Bibliographische Detailangaben
VerfasserInnen: Perr, Josephus Daniel (Verfasst von) ; Simpson, Miles E. (Verfasst von)
Medienart: Druck Aufsatz
Sprache:Englisch
Veröffentlicht: 1987
In: Environment and behavior
Jahr: 1987, Band: 19, Heft: 1, Seiten: 77-90
Verfügbarkeit prüfen: HBZ Gateway
Schlagwörter:

MARC

LEADER 00000caa a22000002c 4500
001 1640180672
003 DE-627
005 20220608131324.0
007 tu
008 140821s1987 xx ||||| 00| ||eng c
035 |a (DE-627)1640180672 
035 |a (DE-576)412089858 
035 |a (DE-599)BSZ412089858 
040 |a DE-627  |b ger  |c DE-627  |e rakwb 
041 |a eng 
100 1 |a Perr, Josephus Daniel  |4 aut 
245 1 0 |a Violent crimes in city environmental determinants  |c Josephus Daniel Perr; Miles E. Simpson 
264 1 |c 1987 
336 |a Text  |b txt  |2 rdacontent 
337 |a ohne Hilfsmittel zu benutzen  |b n  |2 rdamedia 
338 |a Band  |b nc  |2 rdacarrier 
700 1 |a Simpson, Miles E.  |4 aut 
773 0 8 |i In  |t Environment and behavior  |d Thousand Oaks, Calif. : Sage, 1969  |g 19(1987), 1, Seite 77-90  |w (DE-627)12985252X  |w (DE-600)280662-9  |w (DE-576)015152820  |x 0013-9165  |7 nnas 
773 1 8 |g volume:19  |g year:1987  |g number:1  |g pages:77-90 
951 |a AR 
ELC |b 1 
LOK |0 000 xxxxxcx a22 zn 4500 
LOK |0 001 3301588751 
LOK |0 003 DE-627 
LOK |0 004 1640180672 
LOK |0 005 20140821170824 
LOK |0 008 140821||||||||||||||||ger||||||| 
LOK |0 040   |a DE-21-110  |c DE-627  |d DE-21-110 
LOK |0 689   |a s  |a Gewaltkriminalität 
LOK |0 689   |a s  |a Klima 
LOK |0 852   |z Kein Bestand am IfK; Nachweis für KrimDok 
LOK |0 852   |a DE-21-110 
LOK |0 852 1  |m v  |9 00 
LOK |0 935   |a k110 
LOK |0 938   |k v 
LOK |0 939   |a 21-08-14  |b l01 
ORI |a SA-MARC-krimdoka001.raw